000
00333nam a2200145Ia 4500
005
20251222141839.0
008
251222s9999||||xx |||||||||||||| ||spa||
020
_a
9972977072
082
_a
635/S24
100
_a
Sánchez Reyes, Cristian
245
0
_a
Biohuertos:
250
_a
1ra.ed.
264
_b
Ediciones Ripalme
942
_c
LIB
999
_c
7348
_d
7348